00893 2200289 4500001002100000005001500021035002000036007000300056008004100059020002300100040001700123082001600140084001800156090002100174100004000195245014200235250004200377300002500419650001900444850001200463041001300475504003300488264003900521336001500560337001300575338001500588INLIS00000000087086720220628024004 a0010-0622000457ta220628 2009 yoi g 0 ind d a978-979-37152-31-0 aYOPDYOGbind04223a297.382 a297.382 ASH d aCB-D.11 2009-7751 aAsh-Shilawy, Ibnu Rif'ahepengarang10aDahsyatnya tahajud :bjalan menuju kebahagiaan, kesuksesan, dan keberkahan hidup /cIbnu Rif'ah Ash-Shilawy; penyunting, Muhammad Masykur aCetakan II, Sya'ban 1430 H/ Juli 2009 a192 halaman ;c15 cm 4aShalat Tahajud aYOPDYOG aindeara aBibliografi: halaman 193-19631aYogyakarta :bCitra Risalah,c2009 2rdacontent 2rdamedia 2rdacarrier